[Event "Muensterland Verbandsklasse playoff 1-4"]
[Site "Germany"]
[Date "2023.04.22"]
[Round "2.4"]
[White "Vocke, Stefan"]
[Black "Vera, Antonio"]
[Result "1-0"]
[WhiteElo "1847"]
[BlackElo "1641"]
[PlyCount "93"]
[EventDate "2022.03.11"]
[EventType "team-k.o."]
[EventRounds "2"]
[EventCountry "GER"]
[SourceTitle "EXT 2024"]
[Source "ChessBase"]
[SourceDate "2023.10.10"]
[SourceVersion "1"]
[SourceVersionDate "2023.10.10"]
[SourceQuality "1"]
[WhiteTeam "Ochtrup"]
[BlackTeam "Hiltrup"]
[WhiteTeamCountry "GER"]
[BlackTeamCountry "GER"]

1. d4 d5 2. c4 e6 3. Nf3 Nf6 4. Nc3 c6 5. e3 Nbd7 6. Qc2 Bd6 7. Bd3 dxc4 8. Bxc4 c5 9. dxc5 Bxc5 10. 0-0 a6 11. Bd2 0-0 12. Rac1 b5 13. Bd3 Ba7 14. Ne4 Bb7 15. Bb4 Rc8 16. Qb1 Bxe4 17. Bxe4 Bc5 18. Bb7 Rc7 19. Ba5 Bb6 20. Bxb6 Nxb6 21. Bxa6 b4 22. Bd3 Ra7 23. Bc2 Na4 24. Bb3 Qa5 25. Qc2 Nd7 26. Nd4 Ra6 27. Nc6 Qc5 28. Bxa4 Qxc2 29. Bxc2 Rxa2 30. b3 Nf6 31. Nxb4 Ra5 32. Rfd1 Rb5 33. Nc6 Nd5 34. Nd4 Rb4 35. Bd3 g6 36. Bc4 Nf6 37. f3 Ra8 38. Ra1 Rc8 39. Ra7 Nd5 40. Bxd5 exd5 41. Rda1 Rc3 42. Re7 Rb6 43. Raa7 Rf6 44. Kf2 g5 45. Rec7 Rxc7 46. Rxc7 h5 47. Rc6 1-0

[Event "Muensterland Verbandsklasse 2122"]
[Site "Germany"]
[Date "2021.09.25"]
[Round "1.6"]
[White "Willermann, Norbert"]
[Black "Vera, Antonio"]
[Result "1-0"]
[WhiteElo "1604"]
[BlackElo "1669"]
[PlyCount "83"]
[EventDate "2021.09.25"]
[EventType "team-tourn"]
[EventRounds "2"]
[EventCountry "GER"]
[SourceTitle "EXT 2023"]
[Source "ChessBase"]
[SourceDate "2022.10.05"]
[SourceVersion "1"]
[SourceVersionDate "2022.10.05"]
[SourceQuality "1"]
[WhiteTeam "Emsdetten Rochade III"]
[BlackTeam "Hiltrup"]
[WhiteTeamCountry "GER"]
[BlackTeamCountry "GER"]

1. e4 c5 2. Nf3 d6 3. d4 cxd4 4. Nxd4 Nf6 5. Nc3 g6 6. Be3 Bg7 7. f3 0-0 8. Qd2 Nc6 9. Bc4 Bd7 10. 0-0-0 Rc8 11. Bb3 Ne5 12. g4 Nc4 13. Bxc4 Rxc4 14. h4 h5 15. gxh5 Nxh5 16. Nde2 Qa5 17. Kb1 Rfc8 18. Nd5 Qb5 19. Nd4 Bxd4 20. Bxd4 Rxc2 21. Nxe7+ Kh7 22. Qd3 R8c7 23. Qxb5 Bxb5 24. Nd5 Rc8 25. Nc3 R2xc3 26. Bxc3 Be2 27. Rxd6 Bxf3 28. Re1 Kg8 29. Re3 Bg4 30. Red3 Kf8 31. Rd8+ Rxd8 32. Rxd8+ Ke7 33. Rb8 Bf3 34. Rxb7+ Ke6 35. Rb4 Ng3 36. e5 Ne4 37. Bd4 a6 38. Kc2 Be2 39. b3 Kd5 40. Bb2 Bb5 41. a4 Bd7 42. Rd4+ 1-0

[Event "Muensterland Verbandsklasse 1920"]
[Site "Germany"]
[Date "2020.02.15"]
[Round "6.7"]
[White "Vera, Antonio"]
[Black "Bienhuels, Michael"]
[Result "1/2-1/2"]
[WhiteElo "1713"]
[BlackElo "1658"]
[PlyCount "48"]
[EventDate "2019.09.14"]
[EventType "team-tourn"]
[EventRounds "7"]
[EventCountry "GER"]
[SourceTitle "EXT 2023"]
[Source "ChessBase"]
[SourceDate "2022.10.05"]
[SourceVersion "1"]
[SourceVersionDate "2022.10.05"]
[SourceQuality "1"]
[WhiteTeam "Hiltrup"]
[BlackTeam "Duelmen II"]
[WhiteTeamCountry "GER"]
[BlackTeamCountry "GER"]

1. d4 c5 2. dxc5 e6 3. Nf3 Bxc5 4. b3 Nf6 5. e3 Nc6 6. Be2 a6 7. 0-0 0-0 8. Bb2 d5 9. c4 Qe7 10. cxd5 Nxd5 11. Nc3 Nxc3 12. Bxc3 b5 13. Qc2 Bb7 14. Rac1 Rac8 15. Qb2 f6 16. Rcd1 e5 17. a4 b4 18. Bd2 Kh8 19. Ne1 e4 20. Nc2 Rfd8 21. Bc1 a5 22. Rxd8+ Rxd8 23. Rd1 Rxd1+ 24. Bxd1 Qe5 1/2-1/2

[Event "Muensterland Verbandsklasse 1920"]
[Site "Germany"]
[Date "2019.10.05"]
[Round "2.6"]
[White "Vera, Antonio"]
[Black "Merschkoetter, Peter"]
[Result "1/2-1/2"]
[WhiteElo "1713"]
[BlackElo "1632"]
[PlyCount "57"]
[EventDate "2019.09.14"]
[EventType "team-tourn"]
[EventRounds "7"]
[EventCountry "GER"]
[SourceTitle "EXT 2023"]
[Source "ChessBase"]
[SourceDate "2022.10.05"]
[SourceVersion "1"]
[SourceVersionDate "2022.10.05"]
[SourceQuality "1"]
[WhiteTeam "Hiltrup"]
[BlackTeam "Reckenfeld"]
[WhiteTeamCountry "GER"]
[BlackTeamCountry "GER"]

1. d4 f5 2. c4 Nf6 3. Nc3 e6 4. Nf3 Bb4 5. Bd2 d6 6. a3 Bxc3 7. Bxc3 0-0 8. e3 Nbd7 9. Bd3 Ne4 10. Qc2 Ndf6 11. 0-0 b6 12. Nd2 Bb7 13. f3 Nxc3 14. Qxc3 Qd7 15. b4 Rae8 16. Be2 e5 17. d5 b5 18. e4 fxe4 19. fxe4 c6 20. dxc6 Bxc6 21. Bd3 a6 22. Rae1 Qb7 23. Qb3 Kh8 24. Re2 Qa7+ 25. Kh1 Ng4 26. Rxf8+ Rxf8 27. h3 Nf2+ 28. Kh2 Qf7 29. cxb5 1/2-1/2